Loading...
History - European History | 1 | 5 | 0 | 2 | 65 | 29 | 87.83 | 3 | 6 |
Beliefs | 0 | 6 | 0 | 1 | 60 | 95 | 109.83 | 3 | 6 |
History - American History | 1 | 5 | 1 | 1 | 60 | 47 | 95.00 | 4 | 6 |
Social Science | 0 | 4 | 0 | 2 | 40 | 93 | 118.75 | 3 | 4 |
Philosophy | 0 | 4 | 0 | 2 | 40 | 78 | 110.50 | 1 | 4 |
Auditory Arts | 0 | 3 | 0 | 0 | 30 | 108 | 113.67 | 0 | 3 |
Literature - European Literature | 2 | 0 | 0 | 0 | 30 | 17 | 32.00 | 2 | 2 |
Visual Arts | 0 | 3 | 0 | 2 | 30 | 122 | 131.00 | 1 | 3 |
History - Other History | 1 | 1 | 0 | 1 | 25 | 60 | 98.50 | 2 | 2 |
History - Ancient History | 0 | 2 | 0 | 1 | 20 | 126 | 128.50 | 1 | 2 |
Literature - British Literature | 0 | 2 | 0 | 1 | 20 | 128 | 134.50 | 0 | 2 |
History - World History | 0 | 2 | 1 | 1 | 15 | 117 | 125.00 | 1 | 2 |
Other Academic | 1 | 0 | 0 | 0 | 15 | 74 | 74.00 | 1 | 1 |
Literature - World Literature | 0 | 1 | 0 | 0 | 10 | 84 | 84.00 | 1 | 1 |
Fine Arts - Other Arts | 0 | 1 | 0 | 0 | 10 | 98 | 98.00 | 0 | 1 |
Science - Biology | 0 | 1 | 0 | 0 | 10 | 91 | 91.00 | 0 | 1 |
Science - Chemistry | 0 | 1 | 0 | 0 | 10 | 104 | 104.00 | 0 | 1 |
Science - Other Science | 0 | 1 | 0 | 1 | 10 | 127 | 127.00 | 0 | 1 |
Literature - American Literature | 0 | 1 | 0 | 0 | 10 | 121 | 121.00 | 0 | 1 |
Current Events | 0 | 1 | 1 | 0 | 5 | 100 | 100.00 | 0 | 1 |
Science - Physics | 0 | 0 | 0 | 0 | 0 | 0.00 | 0 | 0 |